000 01002nam a22002537a 4500
999 _c5677
_d5677
003 OSt
005 20251014093616.0
008 251014b ||||| |||| 00| 0 eng d
020 _a9781474927802
_qbook set
040 _cKH8
082 _aFIC COX
100 _aCox, Phil Roxbee,
_eauthor.
245 _aMystery Mansion /
_cPhil Roxbee Cox ; adapted by Jane Bingham and illustrated by Sue Hellard.
260 _aEngland ;
_bUsborne Publishing Ltd ,
_c2006.
300 _a63 pages :
_bcolour illustrations ;
_c20 cm.
490 _aUsborne Young Reading
_vseries two
520 _aMystery Mansion is a place of dark secrets and terrifying nightmares. Harry the boot boy tries to ignore them all and get on with his job - until he finds himself caught up in an adventure more scary than any nightmare.
650 _aEasy reading
_vfiction
650 _aStory book
_vfiction
650 _aYoung readers
700 _aHellard, Sue,
_eillustrator.
830 _aUsborne Young Reading
942 _2ddc
_cFIC